000 00237 a2200097 4500
001 46644
100 _aDrake
245 _aThe drama of graf space and the battle of the plate
260 _aLondon
_bPeter Davies
_c
090 _c29744
_d29744
942 _aNUST-CAE
_cM
_c21940
999 _c281717
_d281717